Guess the random Taylor Swift Song Lyrics 120 - Statistics

General Stats
  • This quiz has been taken 8 times
  • The average score is 328 of 414
Answer Stats
Answer % Correct
a
100%
an
100%
And
100%
and
100%
I
100%
if
100%
is
100%
it
100%
of
100%
the
100%
The
100%
you
100%
You
100%
your
100%
but
86%
But
86%
for
86%
from
86%
I'd
86%
I'll
86%
I'm
86%
in
86%
like
86%
Like
86%
me
86%
my
86%
on
86%
that
86%
They
86%
to
86%
where
86%
90s
71%
after
71%
again
71%
Anywhere
71%
art
71%
As
71%
back
71%
begging
71%
Begging
71%
bent
71%
case
71%
cheat
71%
come
71%
could
71%
cut
71%
dark
71%
else
71%
Every
71%
face
71%
follow
71%
gave
71%
hand
71%
home
71%
knife
71%
know
71%
known
71%
less
71%
Life
71%
look
71%
man
71%
meet
71%
more
71%
night
71%
(oh)
71%
one
71%
open
71%
others
71%
places
71%
plans
71%
prize
71%
right
71%
say
71%
scars
71%
should've
71%
Show
71%
shut
71%
signal
71%
stray
71%
stronger
71%
surface
71%
take
71%
than
71%
That's
71%
that's
71%
there
71%
thing
71%
this
71%
through
71%
time
71%
trend
71%
Wait
71%
was
71%
water
71%
when
71%
Wherever
71%
willow
71%
win
71%
work
71%
Wreck
71%
Yeah
71%
champion
57%
feel
57%
hollow
57%
mythical
57%
never
57%
or
57%
out
57%
priceless
57%
ring
57%
rolled
57%
Rough
57%
ship
57%
sneaking
57%
train
57%
trophy
57%
were
57%
wind
57%
wine
57%
would've
57%
count
43%
Guess
43%
Head
43%
Hey
43%
Now
43%
pillow
43%
switch
43%
bait
29%
current
29%
Lost
29%
No matching quizzes found
Score Distribution
Percent of People with Each Score
Percentile by Number Answered
Your Score History
You have not taken this quiz